International mathematical congresses : an illustrated history, 1893-1986 /
Guardado en:
| Autor Principal: | |
|---|---|
| Autor Corporativo: | |
| Otros Autores: | , |
| Formato: | Libro |
| Idioma: | English |
| Publicado: |
New York :
Springer-Verlag,
c1987.
|
| Edición: | Rev. ed., |
| Materias: | |
| Etiquetas: |
Agregar Etiqueta
Sin Etiquetas, Sea el primero en etiquetar este registro!
|
| LEADER | 01066pam a2200289 a 4500 | ||
|---|---|---|---|
| 001 | MAT.inmabb003304 | ||
| 008 | 861126s1987####nyuac#########100#0#eng## | ||
| 005 | 20130218101617.0 | ||
| 245 | 1 | 0 | |a International mathematical congresses : |b an illustrated history, 1893-1986 / |c Donald J. Albers, G. L. Alexanderson, Constance Reid. |
| 250 | |a Rev. ed., |b including ICM 1986. | ||
| 260 | |a New York : |b Springer-Verlag, |c c1987. | ||
| 300 | |a 63 p. : |b il., retrs. ; |c 29 cm. | ||
| 500 | |a Incluye retratos de los ganadores de la medalla Fields. | ||
| 510 | 4 | |a MR, |c 88h:01031 | |
| 020 | |a 0387964797 | ||
| 020 | |a 3540964797 (Berlin) | ||
| 100 | 1 | |a Albers, Donald J., |d 1941- | |
| 700 | 1 | |a Alexanderson, Gerald L. | |
| 700 | 1 | |a Reid, Constance. | |
| 711 | 2 | |a International Congress of Mathematicians. | |
| 246 | 1 | 4 | |a ICM |
| 611 | 2 | 0 | |a International Congress of Mathematicians |x History. |
| 650 | 0 | |a Mathematics |x Congresses |x History. | |
| 084 | |a 01A60 (00A20 01A80) |2 msc2000 | ||
| 010 | |a 86031401 | ||
| 040 | |a DLC |c DLC |d DLC | ||
| 859 | |h 01A60 |i Al332 |p A-7457 |b BIB. MATEMATICA | ||
